Syama Prasad Mookerjee : (Record no. 144833)
[ view plain ]
| 000 -LEADER | |
|---|---|
| fixed length control field | 00652nam a22001937a 4500 |
| 005 - DATE AND TIME OF LATEST TRANSACTION | |
| control field | 20170919102254.0 |
| 010 ## - LCCN (DPL NO) | |
| LC control number | ENG-120411 |
| 020 ## - INTERNATIONAL STANDARD BOOK NUMBER | |
| International Standard Book Number | 9789382420057 |
| Terms of availability | 995.00 |
| 035 ## - SYSTEM CONTROL NUMBER | |
| System control number | EN-103943 |
| 037 ## - SOURCE OF ACQUISITION | |
| Source of stock number/acquisition | DBAD/PUB |
| 082 ## - DEWEY DECIMAL CLASSIFICATION NUMBER | |
| Classification number | 954.14035 |
| 100 ## - MAIN ENTRY--PERSONAL NAME | |
| Personal name | Adak, Naba Kumar |
| 245 ## - TITLE STATEMENT | |
| Title | Syama Prasad Mookerjee : |
| Statement of responsibility, etc | by Naba Kumar Adak |
| Remainder of title | a study of his role in Bengal politics,(1929-1953) / |
| 260 ## - PUBLICATION, DISTRIBUTION, ETC. (IMPRINT) | |
| Place of publication, distribution, etc | New delhi |
| Name of publisher, distributor, etc | Kunal Books |
| Date of publication, distribution, etc | 2013 |
| 270 ## - ADDRESS | |
| Address | 4596 / 1A,first floor,11, Daryaganj |
| City | New Delhi |
| Postal code | 110002 |
| 300 ## - PHYSICAL DESCRIPTION | |
| Extent | xiv,434p. |
| Dimensions | 23cm(H.b) |
| 500 ## - GENERAL NOTE | |
| General note | Includes bibliographical references and index |
| 942 ## - ADDED ENTRY ELEMENTS (KOHA) | |
| Source of classification or shelving scheme | Dewey Decimal Classification |
| Item type | English Books |
| Classification part | 954.14035 |
| Call number suffix | ADA |
| Withdrawn status | Lost status | Not for loan | Collection code | Home library | Current library | Date acquired | Source of acquisition | Cost, normal purchase price | Full call number | Barcode | Copy number | Cost, replacement price | Koha item type |
|---|---|---|---|---|---|---|---|---|---|---|---|---|---|
| Non-fiction | Katevara | Katevara | 18/09/2017 | DBAD/PUB | 995.00 | 954.14035 ADA | EN-103943 | 1 | 995.00 | English Books |
